Xscape Discography - Statistics

General Stats
  • This quiz has been taken 7 times
    6 since last reset
  • The average score is 5 of 7
Answer Stats
Type Year Name % Correct
Album 1995 Off the Hook
100%
Album 1993 Hummin' Comin' at 'Cha
80%
Album 1998 Traces of My Lipstick
80%
Compilation 2002 Understanding
80%
EP 2018 Here for It
60%
Compilation 2009 Super Hits
60%
Unreleased Album 2005 Unchained
20%
No matching quizzes found
Score Distribution
Percent of People with Each Score
Percentile by Number Answered
Your Score History
You have not taken this quiz since the last reset